LEADER 01190nam a2200265 u 4500 001 000000065282 003 CaOOAMICUS 005 20070226121441.0 008 011204s1892 fr u000 u fre u 035 $a10912598 040 $aPUL(R)$bita 100 1 $aQuatrefages de Bréau, Armand de,$d1810-1892.$0(OLS)http://pul/name/19189 245 10$aDarwin et ses précurseurs français :$bétude sur le transformisme /$cpar A. de Quatrefages. 250 $a2. éd., revue et augmentée. 260 $aParis :$bF. Alcan,$c1892. 300 $a294, 30 p. ;$c22 cm 490 1 $aBibliothèque scientifique internationale ;$v75 504 $aBibliografia in nota. 600 14$aDarwin, Charles,$d1809-1882.$0(OLS)http://pul/subject/23853 830 0$aBibliothèque scientifique internationale ;$v75.$0(OLS)http://pul/title/31517 850 $aPUL 852 $aPUL$W1$xDP1 Antico 800$y27$m89 G 38$j84559$nBK-PRI$b $qStampati Antico$B84559$CPULBib$Z2$F84559 $H $81 941 1 $a15 996 $6245$aDarwin et ses précurseurs français :$bétude sur le transformisme$9(OLS)http://pul/title/86864 996 $6260$aParis :$bF. Alcan$9(OLS)http://pul/publisher/49432 LEADER 01101nam a2200277 a 4500 001 000000170884 003 CaOOAMICUS 005 20181203093656.0 008 181203s1964 xxu 000 u eng r 020 $a0226672905* 032 $aLibriCat 040 $aPUL$bita 082 14$a501 100 1 $aPolanyi, Michael.$0(OLS)http://pul/name/40695 245 10$aScience, faith and society / $cMichael Polanyi. 260 $aChicago ;$aLondon :$bThe University of Chicago Press,$c©1964. 300 $a96 p. ; $c21 cm. 650 4$aFilosofia della scienza.$0(OLS)http://pul/subject/5136 850 $aPUL 852 $aPUL$W1$xDP2 Cons. Gen., Altre Classi 3$y97$m501 POLMI 1$j194167$qDDC 21$B199403$CPULBib$Z2$F199403 $H131830 $81 941 1 $a9 996 $6020$a0226672905*$9(OLS)http://pul/number/165450 996 $6082$a501$9(OLS)http://pul/classification/520 996 $6245$aScience, faith and society / $9(OLS)http://pul/title/211727 996 $6260$aChicago ;$aLondon :$bThe University of Chicago Press$9(OLS)http://pul/publisher/69677